| 000 | 00847nam a22002297a 4500 | ||
|---|---|---|---|
| 005 | 20251108173031.0 | ||
| 008 | 250721s2002 xx 000 0 ara d | ||
| 082 | 1 | 4 | _aم/214.5/قيم |
| 100 | 1 | _aإبن قيم الجوزية، شمس الدين أبو عبد الله | |
| 245 | 1 | 0 | _aالروح في الكلام على أرواح الأموات و الأحياء بالدلائل من الكتاب و السنة و الآثار أقوال العلماء / |
| 250 | _aط2 | ||
| 264 | 1 |
_aبيروت : _bدار الكتب العلمية، _c2002. |
|
| 300 | _a248ص. | ||
| 650 | 1 | 7 | _aالروح |
| 650 | 1 | 7 | _aالإسلام |
| 650 | 1 | 7 | _aالحياة الآخرة |
| 650 | 1 | 7 | _aالقرآن الكريم |
| 650 | 1 | 7 | _aالحديث الشريف |
| 700 | 1 |
_aإسكندريلاا، محمد _eed. |
|
| 942 |
_2ddc _cREF |
||
| 999 |
_c94520 _d94520 |
||